Quick True/False: World Capitals VII Quiz Stats

Quiz Updated Jan 4, 2018

Challenge
Share
Tweet
Embed
Score 0/12 Timer 01:00
4 Plays Today
Question Answer Wrong Answers
Edinburgh is the capital of the United Kingdom. False
91.7%
True
2.2%
Bergen is the capital of Norway. False
89.4%
True
4.4%
Basra is the capital of Iraq. False
87.3%
True
6.6%
Algiers is the capital of Algeria. True
86.4%
False
7.5%
Shanghai is the capital of China. False
86%
True
7.9%
Bratislava is the capital of Slovakia. True
84.3%
False
9.6%
Baku is the capital of Azerbaijan. True
82.5%
False
11.4%
Santa Cruz de la Sierra is the capital of Bolivia. False
81.1%
True
13.1%
Port Sudan is the capital of Sudan. False
78.3%
True
15.4%
St. George's is the capital of Grenada. True
76.5%
False
17.2%
Lilongwe is the capital of Malawi. True
72.4%
False
21.2%
Funafuti is the capital of Tuvalu. True
72.3%
False
21.2%

You're not logged in!

Compare scores with friends on all Sporcle quizzes.
Join for Free
OR
Log In

You Might Also Like...

Show Comments

Extras

Top Quizzes Today


Score Distribution

Your Account Isn't Verified!

In order to create a playlist on Sporcle, you need to verify the email address you used during registration. Go to your Sporcle Settings to finish the process.

Report this User

Report this user for behavior that violates our Community Guidelines.

Details: